Sports Quiz

Random Sports or Basketball Quiz

Big 4 Teams and Alphabetical Partners Quiz Stats

 Plays Quiz not verified by Sporcle

Score 0/123 Timer 04:00
0 Plays Today
% Correct
49ers
96%
Avalanche
94.7%
Yankees
94.3%
Astros
93.4%
76ers
93.2%
Reds
91.6%
Redskins
91.6%
Red Wings
91.2%
Athletics
90.9%
Flyers
90.9%
Angels
90.3%
Giants
89.8%
Giants
89.6%
Bengals
89.2%
Jets
89%
Jets
89%
Wizards
88.8%
Cavaliers
88.7%
Rangers
88.3%
Rangers
88.3%
Eagles
88.1%
Jazz
88.1%
Raptors
88.1%
Bears
87.9%
Rams
87.9%
Falcons
87.8%
Kings
87.8%
Kings
87.8%
Cardinals
87.6%
Cardinals
87.6%
Warriors
87.6%
Ducks
87.4%
Coyotes
87.2%
Devils
87%
Capitals
86.8%
Dodgers
86.5%
Dolphins
86.3%
White Sox
86.1%
Islanders
85.7%
Panthers
85.7%
Panthers
85.7%
% Correct
Bills
85.6%
Wild
85.6%
Cubs
85.4%
Rays
85.4%
Blues
85.2%
Brewers
85.2%
Browns
85.2%
Mavericks
85%
Pacers
84.8%
Golden Knights
84.6%
Lightning
84.5%
Padres
84.1%
Patriots
84.1%
Mets
83.9%
Penguins
83.9%
Red Sox
83.9%
Timberwolves
83.5%
Broncos
83.4%
Pirates
83.4%
Blackhawks
83.2%
Diamondbacks
83.2%
Nets
83.2%
Jaguars
83%
Mariners
83%
Vikings
83%
Packers
82.8%
Bruins
82.6%
Oilers
82.6%
Indians
82.4%
Blue Jays
82.3%
Pelicans
82.3%
Clippers
82.3%
Knicks
82.3%
Orioles
82.3%
Braves
81.9%
Flames
81.7%
Phillies
81.7%
Chargers
81.5%
Colts
81.5%
Thunder
81.5%
Blue Jackets
81.4%
% Correct
Marlins
81.4%
Cowboys
81.2%
Sabres
81%
Buccaneers
80.8%
Lions
80.6%
Canadiens
80.4%
Magic
80.4%
Trail Blazers
80.4%
Bucks
80.3%
Bulls
80.1%
Tigers
80.1%
Celtics
79.9%
Chiefs
79.9%
Hurricanes
79.7%
Nuggets
79.3%
Seahawks
79.2%
Canucks
79%
Maple Leafs
79%
Steelers
78.6%
Grizzlies
78.4%
Saints
78.4%
Lakers
78.2%
Nationals
78.2%
Hawks
78.1%
Heat
78.1%
Ravens
78.1%
Stars
78.1%
Suns
77.9%
Twins
77.9%
Pistons
77.5%
Raiders
77.5%
Rockies
77.5%
Royals
77.3%
Texans
76.8%
Hornets
75.7%
Predators
75%
Titans
74.8%
Rockets
74.6%
Senators
74.6%
Sharks
71.3%
Spurs
70.2%

You're not logged in!

Compare scores with friends on all Sporcle quizzes.
OR
Log In

You Might Also Like...

Show Comments

Extras

Top Quizzes Today


Score Distribution

Your Account Isn't Verified!

In order to create a playlist on Sporcle, you need to verify the email address you used during registration. Go to your Sporcle Settings to finish the process.

Report this User

Report this user for behavior that violates our Community Guidelines.

Details: